• 首页
  • 本馆介绍
  • 公告通知
  • 最新文献
  • 馆藏检索
  • 电子资源
  • 读者导购
  • 参考咨询
  • 我的图书馆
  • 登录
  • 详细信息显示
  • 放入我的书架
  • 预约/预借图书
  • 作者相关作品
  • 分类相关作品
  • 丛书相关作品
  • 出版社相关作品

书目信息

  • 表格格式
  • 工作单格式
  • 卡片格式
题名:
体育行为学
    
 
作者: 李跃年 编
分册:  
出版信息: 哈尔滨   哈尔滨工业大学出版社  2004
页数: 249页
开本: 20cm
丛书名:
单 册:
中图分类: G80-05
科图分类:
主题词: 体育--行为科学
电子资源:
ISBN: 7-5603-1974-2
000 00751nam0 2200217 45
001 002620523
005 20050412172303.6
010    @a7-5603-1974-2@dCNY12.00
100    @a20040405d2004 em y0chiy0110 ea
101 0  @achi
102    @aCN@b230000
105    @ay z 000yy
200 1  @a体育行为学@Ati yu xing wei xue@f李跃年编@FLi Yue Nian Bian
210    @a哈尔滨@c哈尔滨工业大学出版社@d2004
215    @a249页@d20cm
330    @a本书运用行为学的基本概念、原理和方法,阐述体育行为学研究的对象、任务,学科形成与发展,运动员的意志培养、情绪调节,教练员的行为、激励机制、团队建设,以及体育行为心理测验等。
606 0  @a体育@x行为科学
690    @aG80-05@v4
701  0 @a李跃年@4编
801  0 @aCN@bNLC@c20040611
905    @f5@b349015-019@dG80-05@e148
    
    体育行为学/李跃年编.-哈尔滨:哈尔滨工业大学出版社,2004
    249页;20cm
    
    
    ISBN 7-5603-1974-2:CNY12.00
    本书运用行为学的基本概念、原理和方法,阐述体育行为学研究的对象、任务,学科形成与发展,运动员的意志培养、情绪调节,教练员的行为、激励机制、团队建设,以及体育行为心理测验等。
●
相关链接 在E读中查询图书 在五车中查询图书 在当当中查询图书 在豆瓣中查询图书


正题名:体育行为学     索取号:G80-05/148         预约/预借

序号 登录号 条形码 馆藏地/架位号 状态 备注
1 0349015   203490150   第一样本阅览室/ [索取号:G80-05/148] 在馆    
2 0349016   203490169   第四借阅区/ [索取号:G80-05/148] 在馆    
3 0349017   203490178   第四借阅区/ [索取号:G80-05/148] 在馆    
4 0349018   203490187   第四借阅区/ [索取号:G80-05/148] 在馆    
5 0349019   203490196   第四借阅区/ [索取号:G80-05/148] 在馆    
唐山师范学院图书馆 欢迎您!
大连网信软件有限公司© 版权所有